Prueba de Nueva Zelanda - Estadísticas

Estadísticas generales
  • Esta prueba ha sido intentada 739 veces
  • La puntuación promedio es 10 de 20
Estadísticas de respuestas
Pista Respuesta % Correcto
Capital Wellington
96%
Nueva Zelandia fue el primer país que concedió el sufragio universal a las ______ Mujeres
91%
Moneda Dólar
88%
La ciudad más poblada Auckland
80%
El pájaro que simboliza a Nueva Zelanda Kiwi
79%
Pueblo indígena de Nueva Zelanda Maori
77%
Trilogía cinematográfica de Peter Jackson que fue filmada principalmente en Nueva Zelanda El Señor de los Anillos
72%
Nombre del equipo nacional de rugby All {Blacks}
69%
País en el que se encuentra la provincia de Zelanda, que dio nombre a Nueva Zelanda Países Bajos
63%
La montaña más alta Aoraki / Monte Cook
56%
La ciudad más poblada en la Isla Sur Christchurch
39%
La población de este animal alcanzó un máximo de 70 millones en 1982 Ovejas
38%
La cordillera en la que se encuentra esa montaña Alpes del Sur
29%
Legendario alpinista que murió en 2008 Edmund Hillary
25%
Primer explorador europeo en ver Nueva Zelanda Abel Tasman
24%
Nombre de Nueva Zelanda en la lengua de la respuesta anterior Aotearoa
21%
Tipo de pájaro gigante no volador que fue cazado hasta la extinción en el año 1500 d.C. Moa
20%
Tal vez la principal atracción turística de Nueva Zelanda Milford {Sound}
19%
El lago más grande Lago Taupo
14%
El río más largo Waikato River
10%
No se encontraron pruebas coincidentes
Distribución de puntuación
Porcentaje de gente con cada puntuación
Porcentaje por número respondido
Historial de tus puntuaciones
No has intentado esta prueba.